[Event "AUTO-ADV-3578"]
[Site "http://www.queenalice.com/game.php?id=1418382"]
[Date "2016.4.15"]
[Round "2"]
[White "BobbySponja"]
[Black "essenfelder"]
[Result "0-1"]
[WhiteElo "1777"]
[BlackElo "1999"]

1. e4 c5 2. c4 Nc6 3. d3 e6 4. f4 g6 5. Nf3 Bg7 6. Nc3 Nge7 7. Be2 O-O 8. O-O d5
9. cxd5 exd5 10. e5 a6 11. Bd2 Nf5 12. Qb3 Rb8 13. Nd1 Ncd4 0-1

[Event "AUTO-OPEN-3575"]
[Site "http://www.queenalice.com/game.php?id=1428434"]
[Date "2016.6.21"]
[Round "2"]
[White "LUKK22"]
[Black "essenfelder"]
[Result "1-0"]
[WhiteElo "2760"]
[BlackElo "2115"]

1. g4 d5 2. Bg2 Bxg4 3. c4 c6 4. Qb3 Qb6 5. cxd5 Qxb3 6. axb3 cxd5 7. Bxd5 Nc6
8. Nf3 e6 9. Bxc6+ bxc6 10. Ne5 Bf5 11. Nc3 Ne7 12. e4 Bg6 13. d4 f6 14. Nc4 Nc8
15. Ra6 Bb4 16. f3 O-O 17. Rxc6 f5 18. Rxe6 fxe4 19. fxe4 Nb6 20. Ke2 Bh5+ 21.
Kd3 Nxc4 22. bxc4 Rf3+ 23. Be3 Bxc3 24. bxc3 a5 25. d5 1-0

[Event "AUTO-OPEN-3575"]
[Site "http://www.queenalice.com/game.php?id=1428435"]
[Date "2016.6.21"]
[Round "2"]
[White "essenfelder"]
[Black "AntonioMelo"]
[Result "1-0"]
[WhiteElo "2119"]
[BlackElo "2076"]

1. e4 e6 2. d4 d5 3. e5 c5 4. c3 cxd4 5. cxd4 Nc6 6. Nf3 Nge7 7. Bb5 Bd7 8. Bxc6
bxc6 9. O-O Ng6 10. Bg5 Be7 11. Bxe7 Qxe7 12. Nbd2 O-O 13. Nb3 Rab8 14. Rb1 f6
15. Re1 fxe5 16. Nxe5 Nxe5 17. Rxe5 Rf5 18. Qe2 Rbf8 19. Rxf5 Rxf5 20. Nc5 Rf6
21. Re1 Rf4 22. Qe3 Rf6 23. Qe5 Kf7 24. Qc7 Ke8 25. Qxa7 Rf7 26. Qb8+ Qd8 27.
Qxd8+ Kxd8 28. Nxe6+ Bxe6 29. Rxe6 1-0

[Event "AUTO-OPEN-3575"]
[Site "http://www.queenalice.com/game.php?id=1428436"]
[Date "2016.6.21"]
[Round "2"]
[White "AntonioMelo"]
[Black "essenfelder"]
[Result "0-1"]
[WhiteElo "2091"]
[BlackElo "2107"]

1. f4 b6 2. Nf3 Bb7 3. e3 g6 4. Be2 Bg7 5. O-O e6 6. d4 Ne7 7. c3 O-O 8. Nbd2 d5
9. Ne5 Nbc6 10. Ndf3 Nf5 11. Bd3 Nce7 12. Qe1 h5 13. Bxf5 exf5 14. Bd2 Ba6 15.
Rf2 Bd3 16. Nxd3 Nc6 17. Nfe5 Nxe5 18. fxe5 Rc8 19. Rc1 c6 20. Nf4 Kh7 21. c4
dxc4 22. Rxc4 Re8 23. Bc1 c5 24. b4 cxd4 25. Rxc8 Qxc8 26. exd4 Qc4 27. Be3 Bh6
28. Nh3 Bxe3 29. Qxe3 Qxb4 30. Ng5+ Kg7 0-1

[Event "AUTO-ADV-3539"]
[Site "http://www.queenalice.com/game.php?id=1437412"]
[Date "2016.8.23"]
[Round "2"]
[White "Mikalus"]
[Black "essenfelder"]
[Result "0-1"]
[WhiteElo "1955"]
[BlackElo "2084"]

1. e4 c5 2. Nf3 Nc6 3. Bc4 g6 4. Nc3 Bg7 5. O-O e6 6. b3 Nge7 7. Bb2 O-O 8. Rb1
d5 9. exd5 exd5 10. Be2 Nf5 11. Na4 Bxb2 12. Rxb2 b6 13. Nc3 Be6 14. a4 Ncd4 15.
Re1 Qf6 16. Nb5 Nxb5 17. Bxb5 a6 18. Bc6 Qxb2 0-1

[Event "AUTO-ADV-3539"]
[Site "http://www.queenalice.com/game.php?id=1437413"]
[Date "2016.8.23"]
[Round "2"]
[White "essenfelder"]
[Black "Mikalus"]
[Result "1-0"]
[WhiteElo "2072"]
[BlackElo "1967"]

1. e4 c5 2. Nf3 Nc6 3. Bc4 e6 4. O-O Nf6 5. d3 a6 6. Bg5 Be7 7. Nc3 Ng4 8. Bxe7
Qxe7 9. h3 Nge5 10. Nxe5 Nxe5 11. Bb3 O-O 12. f4 Ng6 13. Qg4 d6 14. Qg3 b5 15.
a3 Bd7 16. f5 exf5 17. exf5 Qe5 18. Qg5 Nf4 19. Qxf4 1-0

[Event "AUTO-ADV-3578"]
[Site "http://www.queenalice.com/game.php?id=1442068"]
[Date "2016.9.20"]
[Round "3"]
[White "essenfelder"]
[Black "Bategoll"]
[Result "1-0"]
[WhiteElo "2119"]
[BlackElo "1881"]

1. f4 d6 2. Nf3 Nc6 3. Nc3 Bg4 4. e3 Bxf3 5. Qxf3 a6 6. Bc4 e6 7. d4 h5 8. Bd2
Nf6 9. O-O-O Be7 10. h3 b5 11. Be2 d5 12. Qg3 Qd7 13. Bf3 O-O-O 14. Qe1 h4 15.
Qe2 Bb4 16. Nb1 Bd6 17. Bc3 Be7 18. e4 Ne8 19. exd5 exd5 20. Qd3 f5 21. Nd2 Nd6
22. b3 Ne4 23. Bxe4 fxe4 24. Qe2 Qf5 25. Qg4 Qxg4 26. hxg4 g5 27. f5 Bf6 28. Nf1
b4 29. Bb2 Rhe8 30. Ne3 a5 31. a3 bxa3 32. Bxa3 Nxd4 33. Rhe1 Nb5 34. Bb2 d4 35.
Nc4 Nc3 36. Bxc3 dxc3 37. Nxa5 Rxd1+ 38. Rxd1 e3 39. Nc4 Kb7 40. Re1 Ra8 41. Kb1
Bd4 42. Re2 c5 43. f6 Bxf6 44. Rxe3 Rd8 45. Re6 Rd1+ 46. Ka2 Bd4 47. Re2 Rh1 48.
Nd6+ Kc6 49. Nf7 Bg1 50. Nxg5 Bh2 51. Nf3 Bg3 52. g5 Rd1 53. g6 Rd8 54. Re4 Rg8
55. Rg4 Kd5 56. Kb1 Ke6 57. Nxh4 Bxh4 58. Rxh4 Rxg6 59. Rc4 Rxg2 60. Rxc3 Kd5
61. Kb2 Kd4 62. Rc4+ Kd5 63. Ka3 Rg1 64. Ka4 Ra1+ 65. Kb5 1-0

[Event "AUTO-ADV-3578"]
[Site "http://www.queenalice.com/game.php?id=1442069"]
[Date "2016.9.20"]
[Round "3"]
[White "Bategoll"]
[Black "essenfelder"]
[Result "0-1"]
[WhiteElo "1750"]
[BlackElo "2106"]

1. e4 c5 2. Nf3 Nc6 3. d3 g6 4. Bd2 Bg7 5. Bc3 Bxc3+ 6. Nxc3 Nf6 7. Be2 O-O 8.
a3 e6 9. Rb1 a6 10. Qc1 Kg7 11. h3 d5 12. exd5 exd5 13. O-O b5 14. Re1 Bb7 15.
Qf4 Nh5 16. Qd2 Re8 17. d4 Nxd4 18. Nxd4 cxd4 19. Qxd4+ Qf6 20. Bxh5 Qxd4 0-1

[Event "AUTO-ADV-3599"]
[Site "http://www.queenalice.com/game.php?id=1447721"]
[Date "2016.11.3"]
[Round "2"]
[White "Andrez"]
[Black "essenfelder"]
[Result "1-0"]
[WhiteElo "2050"]
[BlackElo "2124"]

1. g4 d5 2. Bg2 Bxg4 3. c4 e6 4. Qb3 Nd7 5. cxd5 exd5 6. Bxd5 Qe7 7. Qxb7 Nb6 8.
Nc3 Rd8 9. Bc6+ Bd7 10. Nb5 Bxc6 11. Qxc6+ Rd7 12. Nf3 Qc5 13. Nxc7+ Kd8 14.
Qxc5 Bxc5 15. Nb5 Nf6 16. Ne5 Rb7 17. d4 Bb4+ 18. Bd2 Bxd2+ 19. Kxd2 Ke7 20. a4
Nbd5 21. Rab1 Ke6 22. f3 a6 23. Nc3 Rhb8 24. Nd3 Nb4 25. Nc5+ Ke7 26. Nxb7 Rxb7
27. Rhg1 g6 28. Rg5 Nd7 29. Nd5+ Nxd5 30. Rxd5 Rb4 31. b3 Nb6 32. Re5+ Kd6 33.
Kc3 Nd5+ 34. Rxd5+ Kxd5 35. Kxb4 Kxd4 36. Ka5 Ke3 37. Rb2 Kd4 38. Kxa6 Kc3 39.
Rb1 Kc2 40. Rg1 Kxb3 41. a5 Kc4 42. Kb6 Kd4 43. a6 Ke3 44. Rg2 h5 45. a7 1-0

[Event "AUTO-ADV-3599"]
[Site "http://www.queenalice.com/game.php?id=1447722"]
[Date "2016.11.3"]
[Round "2"]
[White "essenfelder"]
[Black "Andrez"]
[Result "1-0"]
[WhiteElo "2110"]
[BlackElo "2056"]

1. e4 e6 2. d4 c6 3. Nf3 g6 4. e5 h6 5. Be3 Na6 6. Bxa6 bxa6 7. O-O Bb7 8. c4
Ne7 9. Nh4 g5 10. Nf3 Nf5 11. c5 f6 12. exf6 Qxf6 13. Qb3 Rb8 14. Ne5 Bg7 15.
Nd2 Qd8 16. Ndc4 a5 17. Nd6+ Ke7 18. Ng6+ Kf6 19. Nxh8 Nxd6 20. cxd6 Qxh8 21.
Qc3 Ba6 22. Rfd1 Kf7 23. Qxa5 Bc4 24. Qxa7 Qe8 25. b3 Bd5 26. Qa6 Kg8 27. Qe2
Qf8 28. h4 gxh4 29. Qg4 Kh7 30. Bf4 Qf6 31. Be5 Qg5 32. Qxg5 hxg5 33. Bxg7 Kxg7
34. Rdb1 Rb4 35. Rd1 Kf6 36. Rac1 e5 37. dxe5+ Kxe5 38. Rc3 Kxd6 39. Rc4 Rb8 40.
Ra4 Rh8 41. Rd3 Ke7 42. Re3+ Be6 43. Rb4 g4 44. Rxg4 Kd8 45. Ra4 Kc7 46. Ree4 h3
47. gxh3 Bxh3 48. Rh4 Rg8+ 49. Kh2 Be6 50. Ra7+ Kb6 51. Rha4 Kc5 52. Ra8 Rg7 53.
R4a7 Rg6 54. Rd8 Kd4 55. Raxd7+ Bxd7 56. Rxd7+ Kc3 57. f4 c5 58. Kh3 Kb4 59. Kh4
Ra6 60. Rd2 Kc3 61. Rf2 Kd4 62. f5 Ke5 63. Kg5 Ra8 64. f6 Ke6 65. f7 Ke7 66.
f8=Q+ Rxf8 67. Rxf8 Kxf8 68. Kf6 Ke8 69. Ke6 Kd8 70. Kd6 1-0

[Event "AUTO-ADV-3599"]
[Site "http://www.queenalice.com/game.php?id=1447723"]
[Date "2016.11.3"]
[Round "2"]
[White "marcoswerneck"]
[Black "essenfelder"]
[Result "0-1"]
[WhiteElo "1894"]
[BlackElo "2114"]

1. e4 c5 2. Bc4 Nc6 3. c3 g6 4. Nf3 Bg7 5. d3 e6 6. Bf4 d5 7. exd5 exd5 8. Bb5
Qe7+ 9. Be3 d4 10. Bxc6+ bxc6 11. cxd4 cxd4 12. Qa4 Bd7 13. Nxd4 c5 14. Nc6 Qe6
15. O-O Bxc6 16. Qf4 Bxb2 17. Nc3 Bxc3 18. Rac1 Qd5 19. Qg3 Be5 20. Qh3 Bd7 21.
Qh4 Bf6 22. Qe4+ Qxe4 23. dxe4 Bd4 24. Bd2 h5 25. e5 Ne7 26. Bg5 Nd5 27. h3 O-O
28. Rfe1 Be6 29. Kh2 Bxf2 30. Rf1 Bd4 31. a4 Rfc8 32. g4 Bxe5+ 33. Kh1 hxg4 0-1

[Event "AUTO-ADV-3599"]
[Site "http://www.queenalice.com/game.php?id=1447724"]
[Date "2016.11.3"]
[Round "2"]
[White "essenfelder"]
[Black "marcoswerneck"]
[Result "1-0"]
[WhiteElo "2120"]
[BlackElo "1870"]

1. e4 e5 2. Nf3 d6 3. d4 Be7 4. dxe5 dxe5 5. Qxd8+ Bxd8 6. Nxe5 Be6 7. Bb5+ c6
8. Bd3 Nf6 9. O-O Nbd7 10. Nxd7 Nxd7 11. Nc3 h6 12. f4 Bb6+ 13. Kh1 f6 14. f5
Bf7 15. Rf3 Ne5 16. Rg3 O-O-O 17. Rxg7 h5 18. Bf4 Ng4 19. Nd1 Rhf8 20. h3 Ne5
21. Bxe5 fxe5 22. b3 Bg8 23. a4 Rf7 24. Rxf7 Bxf7 25. Rb1 h4 26. Nb2 Kb8 27. Rf1
Bd4 28. Nd1 a6 29. Nf2 Bxf2 30. Rxf2 Ka7 31. Rf3 Bh5 32. Re3 b5 33. axb5 axb5
34. g3 hxg3 35. Rxg3 Kb6 36. Rg7 Ra8 37. f6 Rf8 38. Re7 Rxf6 39. Rxe5 Bf3+ 40.
Kh2 Rg6 41. h4 Rg2+ 42. Kh3 Rg7 43. Rg5 Re7 44. h5 Bxe4 45. Bxe4 Rxe4 46. h6
Re3+ 47. Rg3 Re6 48. Kg2 Rxh6 49. Rc3 c5 50. Kf2 Re6 51. Kf3 Rh6 52. Ke2 Kc6 53.
Kd1 Rh1+ 54. Kd2 Rh2+ 55. Kc1 b4 56. Rc4 Rh1+ 57. Kd2 Rh2+ 58. Ke3 Rh3+ 59. Kf4
Kd5 60. Kf5 Rf3+ 61. Kg4 Rc3 62. Rxc3 bxc3 63. Kf4 Kd4 64. Kf3 Kd5 65. Ke3 c4
66. b4 Ke5 67. b5 Kd5 68. b6 Kc6 69. b7 Kxb7 70. Kd4 Kc6 71. Kxc4 Kb7 72. Kxc3
Kc6 73. Kc4 Kb7 74. Kc5 Kc7 75. c4 Kb7 76. Kd6 Kb6 77. c5+ Kb7 78. Kd7 1-0